01010 2200181 4500001002100000005001500021035002000036245005300056100001700109250001700126300002900143260003100172082000800203084001400211020002200225650001400247520056700261INLIS00000000000011620240507091614 a0010-05240000381 aKumpulan Cerita : Pahlawan Super /cLiza Erfiana0 aLiza Erfiana acetakan ke-1 a112 hlm :bilus ;c24 cm aSolo :bTiga Ananda,c2018 a813 a813 LIZ k a978-602-366-412-2 4aBuku anak a“Buku ini bercerita tentang aksi para pahlawan super yang gagah berani. Mereka menumpas kejahatan dengan semangat. Para pahlawan super tersebut layak diteladani karena selalu menolong tanpa pamrih, penuh tanggung jawab, sopan, dan pastinya selalu berbuat baik untuk sesama. Menjadi pahlawan tidak harus dengan cara bertempur melawan musuh. Dengan membaca kumpulan cerita para pahlawan super dalam buku ini, lalu mengikuti teladannya, kalian pun dapat menjadi pahlawan dalam kehidupan sehari-hari. Ada juga aktivitas seru yang dapat kalian kerjakan, lho.”